000 01017nam a22003257a 4500
003 CHAP
005 20220329140819.0
008 971013s1955 r 00010 d
010 _a58049
011 _a59021
035 _a63178
040 _cCHAP
082 _a586
_bS55 1955
100 0 0 _aSmith, Gilbert M.
_9107021
245 _aCryptogamic botany
250 _a2 ed.
260 _aNew York :
_bMcGraw-Hill,
_c1955
300 _a2 v.
505 _aContenido : V.1 Algae and fungi.--v.2 Bryophytes and pteridophytes
590 _aBATCH-UPD
_b10
_c20130110
_lUCH01
_h0640
590 _aBATCH-UPD
_b10
_c20130410
_lUCH01
_h0325
590 _aBATCH-UPD
_b10
_c20130914
_lUCH01
_h1057
590 _aCONVERSION
_b10
_c20130109
_lUCH01
_h1331
650 1 4 _aCriptógamas.
_928939
650 1 4 _aMorfología vegetal.
_978772
901 _aBK
942 _cLIBRO
949 _a586 S55 1955
_bBC
_cLIBRO
_d-135701
_eLIBRO
_fv.2
_h9994
_i63178
_si
949 _a586 S55 1955
_bBC
_cLIBRO
_d33724000353561
_eLIBRO
_fv.1
_h9993
_i63178
_si
999 _c58049
_d58049